| 000 | 01156cam a22003734a 4500 | ||
|---|---|---|---|
| 001 | 15187661 | ||
| 003 | OSt | ||
| 005 | 20140310182945.0 | ||
| 008 | 080221s2006 ph b 000 0deng | ||
| 010 | _a 2008313219 | ||
| 020 | _a9789715845151 | ||
| 020 | _a9715845150 | ||
| 040 |
_aDLC _cDLC _dDLC |
||
| 042 | _alcode | ||
| 043 | _aa-ph--- | ||
| 050 | 0 | 0 |
_aDS675.8 _b.P282 2006 |
| 082 |
_2FIL 920 _bP26 2006 |
||
| 100 | 1 | _aPasigui, Ronnie Espergal. | |
| 245 | 1 | 0 |
_aJose Rizal _bthe man and the hero : an anthology of legacies and controversies _cPasigu, Ronnie Espergal; Cabalu, Danilo Hipolito |
| 260 |
_aQuezon City _bPublished and distributed by C & E Pub. _cc2006 |
||
| 300 |
_a357 p. _c23 cm. |
||
| 504 | _aIncludes bibliographical references (p. 353-357). | ||
| 521 | _aHigh School to College | ||
| 526 | _c1210L-1700L | ||
| 541 | _j1 | ||
| 541 | _j2 | ||
| 562 | _e2 | ||
| 600 | 1 | 0 |
_aRizal, José, _d1861-1896. |
| 651 | 0 |
_aPhilippines _xHistory _y1812-1898. |
|
| 700 | 1 | _aCabalu, Danilo Hipolito. | |
| 906 |
_a7 _bcbc _corigode _d3 _encip _f20 _gy-gencatlg |
||
| 942 |
_2lcc _cBK _kFIL |
||
| 999 |
_c17786 _d17786 |
||